000 003570000a22001690004500
005 20120302061555.0
942 _cBOOK
100 _a Pai,Wamanrao
245 _a Naamaachaa Nandaadeep
250 _a 8
260 _aMumbai:Naam Sampradaaya Mandal,1995.
300 _a136p.
040 _aMAR
365 _b30/-
650 _aAdhyatma
650 _aNaam
999 _c354317
_d354314